000 00930nam a2200301 a 4500
999 _c5429
_d5429
001 5429
003 BD-JhCC
005 20171214112254.0
008 830831s1984 ilua b 001 0 eng d
020 _a0673156389 :
_c$23.95
035 _a(BD-JhCC)5429
040 _aDLC
_cDLC
_dBD-JhCC
041 _aeng
050 0 0 _aHM251
_b.W3278 1984
082 0 0 _a302
_219
_bWAT 1984
100 1 _aWatson, David L.,
_d1934-
245 1 0 _aSocial psychology :
_bscience and application /
_cDavid L. Watson, Gail deBortali-Tregerthan, Joyce Frank.
260 _aGlenview, Ill. :
_bScott, Foresman,
_cc1984.
300 _a584 p. :
_bill. ;
_c24 cm.
500 _aIncludes bibliographies and indexes.
504 _aIncludes Index and Bibliography
650 0 _aSocial psychology.
650 0 _aSocial psychology
_xCase studies.
700 2 _aDeBortali-Tregerthan, Gail.
700 1 _aFrank, Joyce.
942 _2ddc
_cBK